Social transformation in Bangladesh : pathways, challenges and the way forward /

"This book examines the underlying causes of Bangladesh's success story since its independence; a country that has been praised for its economic development and commendable achievements on human development indices. It offers a critical analysis of the social transformation that has taken...

Descrizione completa

Dettagli Bibliografici
Altri autori: Rahman, Shahidur (Redattore), Masud-All-Kamal, Md (Redattore)
Natura: Libro
Lingua:English
Pubblicazione: Abingdon, Oxon ; New York, NY : Routledge, 2025.
Serie:Routledge studies in South Asian politics
Soggetti:
Classic Catalogue: View this record in Classic Catalogue
LEADER 06397nam a22004818i 4500
001 44545
003 BD-DhAAL
005 20250821151115.0
008 240418s2025 enk b 001 0 eng
010 |a  2024017011 
020 |a 9781032562063(hbk) 
020 |a 9781032562070(pbk) 
020 |a 9781003434399(ebk) 
035 |a 23646939 
040 |a DLC  |b eng  |e rda  |c DLC  |d DLC  |d BD-DhAAL 
042 |a pcc 
043 |a a-bg--- 
050 0 0 |a HN690.6.A8  |b S63 2025 
082 0 0 |a 306.095492  |2 23 
245 0 0 |a Social transformation in Bangladesh :  |b pathways, challenges and the way forward /  |c edited by Shahidur Rahman, Md. Masud-All-Kamal. 
260 |a Abingdon, Oxon ;  |a New York, NY :  |b Routledge,  |c 2025. 
300 |a xii, 211 pages :  |b illustrations ;  |c 24 cm 
490 0 |a Routledge studies in South Asian politics 
504 |a Includes bibliographical references and index. 
520 |a "This book examines the underlying causes of Bangladesh's success story since its independence; a country that has been praised for its economic development and commendable achievements on human development indices. It offers a critical analysis of the social transformation that has taken place. Chapters in this edited book offer interdisciplinary perspectives analyses concerning issues of inclusivity, extractivism, sustainability and equitability. The book takes a look into the interconnected metamorphosis of the economy, society, culture, and environment of Bangladesh. From the products of post-industrial society such as YouTube sensations and digital labour platforms, to groups that have gone through marginalisation for decades such as the urban poor, and indigenous peoples, a wide array of scholarship and case studies are utilised to analyses the challenges and opportunities offered by the process of societal transformation. This book will be of great interest for those specialising in the fields of South Asian Studies, Development Studies, Sociology, Migration, Labour, Health and Media Studies"-- 
526 |x Shahidur Rahman, PhD Professor Department of Economics and Social Sciences BRAC University Crouse name and No.: Introduction to Anthropology (ANT 101); Anthropology of Development / Sociology of Development (ANT 330) 
541 |a Hye Trade International  |e 44545, 44546, 44547, 44548, 44549, 44550, 44551, 44552, 44553, 44554 
651 0 |a Bangladesh  |x Social conditions. 
651 0 |a Bangladesh  |x Economic conditions. 
700 1 |a Rahman, Shahidur,  |e editor. 
700 1 |a Masud-All-Kamal, Md.,  |e editor.  |9 58896 
942 |2 ddc  |c BK 
999 |c 47360  |d 47360 
952 |0 0  |1 0  |2 ddc  |4 0  |6 306_095492000000000_SOC  |7 0  |9 77934  |a BRACUL  |b BRACUL  |c GEN  |d 2025-07-28  |e Hye Trade International  |g 11199.00  |l 0  |o 306.095492 SOC  |p 3010044550  |r 2025-07-28  |t 6  |v 22398.00  |w 2025-07-28  |y BK  |x Requisitioned by Dr. Shahidur Rahman Professor, for the course named Introduction to Anthropology (ANT 101) Anthropology of Development / Sociology of Development (ANT 330) 
952 |0 0  |1 0  |2 ddc  |4 0  |6 306_095492000000000_SOC  |7 0  |9 77935  |a BRACUL  |b BRACUL  |c GEN  |d 2025-07-28  |e Hye Trade International  |g 11199.00  |l 0  |o 306.095492 SOC  |p 3010044551  |r 2025-07-28  |t 7  |v 22398.00  |w 2025-07-28  |y BK  |x Requisitioned by Dr. Shahidur Rahman Professor, for the course named Introduction to Anthropology (ANT 101) Anthropology of Development / Sociology of Development (ANT 330) 
952 |0 0  |1 0  |2 ddc  |4 0  |6 306_095492000000000_SOC  |7 0  |9 77936  |a BRACUL  |b BRACUL  |c GEN  |d 2025-07-28  |e Hye Trade International  |g 11199.00  |l 1  |o 306.095492 SOC  |p 3010044552  |q 2025-11-25  |r 2025-11-18  |s 2025-11-18  |t 8  |v 22398.00  |w 2025-07-28  |y BK  |x Requisitioned by Dr. Shahidur Rahman Professor, for the course named Introduction to Anthropology (ANT 101) Anthropology of Development / Sociology of Development (ANT 330) 
952 |0 0  |1 0  |2 ddc  |4 0  |6 306_095492000000000_SOC  |7 0  |9 77937  |a BRACUL  |b BRACUL  |c GEN  |d 2025-07-28  |e Hye Trade International  |g 11199.00  |l 0  |o 306.095492 SOC  |p 3010044553  |r 2025-07-28  |t 9  |v 22398.00  |w 2025-07-28  |y BK  |x Requisitioned by Dr. Shahidur Rahman Professor, for the course named Introduction to Anthropology (ANT 101) Anthropology of Development / Sociology of Development (ANT 330) 
952 |0 0  |1 0  |2 ddc  |4 0  |6 306_095492000000000_SOC  |7 0  |9 77938  |a BRACUL  |b BRACUL  |c GEN  |d 2025-07-28  |e Hye Trade International  |g 11199.00  |l 0  |o 306.095492 SOC  |p 3010044546  |r 2025-07-28  |t 2  |v 22398.00  |w 2025-07-28  |y 1HOUR  |x Requisitioned by Dr. Shahidur Rahman Professor, for the course named Introduction to Anthropology (ANT 101) Anthropology of Development / Sociology of Development (ANT 330) 
952 |0 0  |1 0  |2 ddc  |4 0  |6 306_095492000000000_SOC  |7 0  |9 77939  |a BRACUL  |b BRACUL  |c GEN  |d 2025-07-28  |e Hye Trade International  |g 11199.00  |l 0  |o 306.095492 SOC  |p 3010044548  |r 2025-07-28  |t 4  |v 22398.00  |w 2025-07-28  |y BK  |x Requisitioned by Dr. Shahidur Rahman Professor, for the course named Introduction to Anthropology (ANT 101) Anthropology of Development / Sociology of Development (ANT 330) 
952 |0 0  |1 0  |2 ddc  |4 0  |6 306_095492000000000_SOC  |7 0  |9 77940  |a BRACUL  |b BRACUL  |c CIR  |d 2025-07-28  |e Hye Trade International  |g 11199.00  |l 0  |o 306.095492 SOC  |p 3010044545  |r 2025-07-28  |t 1  |v 22398.00  |w 2025-07-28  |y 1HOUR  |x Requisitioned by Dr. Shahidur Rahman Professor, for the course named Introduction to Anthropology (ANT 101) Anthropology of Development / Sociology of Development (ANT 330) 
952 |0 0  |1 0  |2 ddc  |4 0  |6 306_095492000000000_SOC  |7 0  |9 77941  |a BRACUL  |b BRACUL  |c GEN  |d 2025-07-28  |e Hye Trade International  |g 11199.00  |l 0  |o 306.095492 SOC  |p 3010044549  |r 2025-07-28  |t 5  |v 22398.00  |w 2025-07-28  |y BK  |x Requisitioned by Dr. Shahidur Rahman Professor, for the course named Introduction to Anthropology (ANT 101) Anthropology of Development / Sociology of Development (ANT 330) 
952 |0 0  |1 0  |2 ddc  |4 0  |6 306_095492000000000_SOC  |7 0  |9 77942  |a BRACUL  |b BRACUL  |c GEN  |d 2025-07-28  |e Hye Trade International  |g 11199.00  |l 0  |o 306.095492 SOC  |p 3010044554  |r 2025-07-28  |t 10  |v 22398.00  |w 2025-07-28  |y BK  |x Requisitioned by Dr. Shahidur Rahman Professor, for the course named Introduction to Anthropology (ANT 101) Anthropology of Development / Sociology of Development (ANT 330) 
952 |0 0  |1 0  |2 ddc  |4 0  |6 306_095492000000000_SOC  |7 0  |9 77943  |a BRACUL  |b BRACUL  |c GEN  |d 2025-07-28  |e Hye Trade International  |g 11199.00  |l 0  |o 306.095492 SOC  |p 3010044547  |r 2025-07-28  |t 3  |v 22398.00  |w 2025-07-28  |y BK  |x Requisitioned by Dr. Shahidur Rahman Professor, for the course named Introduction to Anthropology (ANT 101) Anthropology of Development / Sociology of Development (ANT 330)